000 00585nam a2200169 a 4500
008 060424s1986 ||||||||||||||||| || u
020 _a0895732033
050 _aTP 159.E37 Hei
100 _aKreysa, Gerhard
245 1 0 _aPrinciples of electrochemical engineering
260 _aNew York
_bUCH
_c1986
300 _axiii, 294 p. : ill.
350 _a0.00
650 _aELECTROCHEMISTRY, INDUSTRIAL
700 _aHeitz, Ewald
995 _D0.00
_FCBU-MAIN LIBRARY (Kitwe)
_H1
_I49.50
_UAVAILABLE
_ZAnnex Low-Usage Collection
999 _c54557
_d54557